000 00959nam a2200265Ia 4500
003 OSt
005 20220930190117.0
006 a|||||r|||| 00| 0
007 ta
008 220926b |||||||| |||| 00| 0 hin d
020 _a8170164443 (hbk)
_c195
024 _a1071
037 _bB281, 24/01/2009, Bharat Pustak Bhandar
_cTextbook
040 _aCRL
_cCRL
_bhin
041 _2hin
_ahin
082 _aO152,3N29w, P7
100 _aवर्मा, निर्मल
245 0 _aमेरे साक्षात्कार
246 _aMere sākṣhātkāra
260 _aनई दिल्ली,
_bकिताबघर प्रकाशन, भारत
_c2007
300 _a168पृ0
_ccm.
490 _aमेरे साक्षात्कार सीरीज़
942 _hO152,3N29w, P7
_cTB
_2CC
999 _c891643
_d891643